[Event "SWVG Arnold Classic Prestige All 2019"]
[Site "Sandton"]
[Date "2019.05.18"]
[Round "5.1"]
[White "Grover, Sahaj"]
[Black "Mabusela, Johannes Manyedi"]
[Result "1/2-1/2"]
[WhiteElo "2515"]
[BlackElo "2220"]
[Annotator "TA"]
[PlyCount "57"]
[EventDate "2019.05.18"]
[EventType "swiss"]
[EventCountry "RSA"]
[SourceTitle "playchess.com"]
[Source "ChessBase"]
[SourceQuality "1"]

{[%evp 16,57,20,13,20,12,15,0,0,22,0,0,27,14,20,-177,-162,-178,-191,-193,-171,-178,-191,-171,-164,-166,-176,-295,-284,-249,-206,-265,-227,-407,-307,-310,-163,-162,-149,-154,-154,-193,-162,-180]} 1. e4 e6 2. d4 d5 3. Nc3 Nf6 4. e5 Nfd7 5. f4 c5 6. Nf3 Nc6 7. Be3 Be7 8. Qd2 O-O 9. dxc5 Nxc5 {C11: French: Classical System: 4 e5 and 4 Bg5 dxe4} 10. O-O-O a6 11. Qf2 (11. h4 b5 12. Bd3 b4 13. Bxc5 Bxc5 14. Na4 Ba7 15. Qe2 f5 16. g4 Ne7 17. Ng5 {0-1 (45) Caruana,F (2828)-Nyzhnyk,I (2638) chess.com INT 2019}) 11... b6 {The position is equal.} 12. h4 Qc7 13. Kb1 f6 {[%cal Rf6e5]} 14. exf6 Bxf6 15. Nd4 $146 (15. Qe1 $11 {and White has nothing to worry.}) ({Predecessor:} 15. Qe1 Rd8 16. Ne2 Bb7 17. Rh3 e5 18. fxe5 Nxe5 19. Nxe5 Bxe5 20. Bd4 Re8 21. Re3 Ne4 22. Bxe5 {½-½ (22) Vozda,J (2443)-Laurenc,P (2398) ICCF email 2013}) 15... Bxd4 $19 {[%mdl 64] [#] Overworked Piece} 16. Bxd4 Rxf4 17. Qe3 Nxd4 18. Rxd4 Rxd4 19. Qxd4 {[#]} Bb7 $1 20. Be2 e5 21. Qd2 (21. Qb4 $142) 21... d4 22. Nd1 Rf8 23. Re1 Kh8 24. Bc4 $2 (24. Rf1 Rd8 25. g3) 24... b5 25. Bb3 Nxb3 (25... Rd8 $142 {Strongly threatening ...e4.} 26. Rf1 Nxb3 27. axb3 Qe7) 26. axb3 {Black is clearly better.} Qd6 27. Nf2 h6 ({Much less strong is} 27... Bxg2 28. Ng4 $15) 28. b4 Re8 29. Ne4 {Accuracy: White = 42%, Black = 69%.} 1/2-1/2

[Event "SWVG Arnold Classic Prestige All 2019"]
[Site "Sandton"]
[Date "2019.05.18"]
[Round "5.2"]
[White "Mthunzi, Brighton"]
[Black "Cawdery, Daniel"]
[Result "0-1"]
[WhiteElo "2006"]
[BlackElo "2428"]
[Annotator "TA"]
[PlyCount "40"]
[EventDate "2019.05.18"]
[EventType "swiss"]
[EventCountry "RSA"]
[SourceTitle "playchess.com"]
[Source "ChessBase"]
[SourceQuality "1"]

{[%evp 13,40,12,8,3,14,14,19,19,28,22,29,0,-2,-10,0,-29,0,-7,0,-40,0,-106,-103,-261,-260,-689,0,-145,-51]} 1. d4 Nf6 2. Nf3 g6 3. Nc3 Bg7 4. e4 d6 5. Bg5 O-O 6. Qd2 c6 7. O-O-O b5 {Threatening ...b4.} 8. e5 {B08: Pirc Defence: Classical System} b4 9. exf6 bxc3 10. Qxc3 {The position is equal.} exf6 11. Bf4 a5 12. Qa3 $146 ({Predecessor:} 12. h4 Be6 13. Qa3 d5 14. h5 Re8 15. hxg6 fxg6 {0-1 (34) Nikac,P (2361)-Pantovic,D (2131) Bar 2005}) 12... d5 13. Bd3 Na6 14. c3 Re8 15. Rhe1 Be6 16. h4 h5 (16... a4 $5) 17. Kb1 {[#]} (17. Qa4 $11 {remains equal.}) 17... a4 $1 $17 18. Re2 $2 {[#]} (18. Qd6 $17 {was worth a try.} Qb6 19. Bg3) 18... Bf8 $1 $19 {[%cal Rf8a3]} 19. Bd6 $2 (19. Qxa4 Nc5 20. Qc2 (20. Qxc6 $2 Nxd3 21. Rxd3 Bf5 $19) 20... Nxd3 21. Rxd3) 19... Bg7 $2 ({Better is} 19... Bxd6 $19 20. Qxa4 Nb4 21. Qxa8 Qxa8 22. cxb4 Bxb4) 20. Ree1 (20. Bf4 $1 $11 {keeps the balance.}) 20... Nb8 {Accuracy: White =  8%, Black = 40%.} (20... Qd7 $17) 0-1

[Event "SWVG Arnold Classic Prestige All 2019"]
[Site "Sandton"]
[Date "2019.05.18"]
[Round "5.3"]
[White "Khumalo, Keith"]
[Black "Makoto, Rodwell"]
[Result "1/2-1/2"]
[WhiteElo "2086"]
[BlackElo "2369"]
[Annotator "NA"]
[PlyCount "208"]
[EventDate "2019.05.18"]
[EventType "swiss"]
[EventCountry "RSA"]
[SourceTitle "playchess.com"]
[Source "ChessBase"]
[SourceQuality "1"]
[TimeControl "1500+10"]

1. d4 {[%emt 0:00:00]} f5 {[%emt 0:00:00]} 2. c4 {[%emt 0:00:08]} Nf6 {[%emt 0:00:00]} 3. g3 {[%emt 0:00:03]} g6 {[%emt 0:00:00]} 4. Bg2 {[%emt 0:00:02]} Bg7 {[%emt 0:00:00]} 5. Nc3 {[%emt 0:00:06]} O-O {[%emt 0:00:00]} 6. Nh3 {[%emt 0:00:18]} d6 {[%emt 0:00:00]} 7. d5 {[%emt 0:00:01]} Nbd7 {[%emt 0:00:27]} 8. O-O {[%emt 0:00:17]} Ne5 {[%emt 0:00:04]} 9. Qb3 {[%emt 0:00:27]} Kh8 {[%emt 0:00:11]} 10. Nf4 {[%emt 0:00:18]} c6 {[%emt 0:00:34]} 11. Rd1 {[%emt 0:00:31]} Qe8 {[%emt 0:00:34]} 12. Nd3 {[%emt 0:00:22]} h6 {[%emt 0:00:14]} 13. Re1 {[%emt 0:04:32]} g5 {[%emt 0:00:24]} 14. f4 {[%emt 0:00:02]} gxf4 {[%emt 0:00:02]} 15. Nxf4 {[%emt 0:00:03]} cxd5 {[%emt 0:01:05]} 16. Ncxd5 {[%emt 0:00:27]} Nxd5 {[%emt 0:01:02]} 17. cxd5 {[%emt 0:00:16]} b5 {[%emt 0:00:37]} 18. Bd2 {[%emt 0:01:16]} a5 {[%emt 0:00:15]} 19. a3 {[%emt 0:00:02]} a4 {[%emt 0:00:33]} 20. Qc2 {[%emt 0:00:20]} Bd7 {[%emt 0:01:13]} 21. Bc3 {[%emt 0:00:03]} Rc8 {[%emt 0:00:06]} 22. Qd2 {[%emt 0:01:33]} Qf7 {[%emt 0:00:13]} 23. Rab1 {[%emt 0:01:40]} Nc4 {[%emt 0:01:15]} 24. Qd3 {[%emt 0:00:06]} Bxc3 {[%emt 0:01:37]} 25. Qxc3+ {[%emt 0:00:01]} Ne5 {[%emt 0:00:00]} 26. Qd2 {[%emt 0:00:12]} Rc4 {[%emt 0:00:09]} 27. Ne6 {[%emt 0:00:07]} Rfc8 {[%emt 0:01:26]} 28. Qxh6+ {[%emt 0:00:05]} Qh7 {[%emt 0:00:00]} 29. Qxh7+ {[%emt 0:00:33]} Kxh7 {[%emt 0:00:01]} 30. Rf1 {[%emt 0:00:26]} Bxe6 {[%emt 0:00:16]} 31. dxe6 {[%emt 0:00:01]} Kg6 {[%emt 0:00:00]} 32. Rbe1 {[%emt 0:01:06]} Rc2 {[%emt 0:00:44]} 33. e4 {[%emt 0:00:01]} Rxb2 {[%emt 0:00:01]} 34. exf5+ {[%emt 0:00:24]} Kf6 {[%emt 0:00:00]} 35. Be4 {[%emt 0:00:26]} d5 {[%emt 0:00:01]} 36. Bxd5 {[%emt 0:00:13]} Rcc2 {[%emt 0:00:02]} 37. Rc1 {[%emt 0:01:03]} Rxh2 {[%emt 0:00:01]} 38. Rc8 {[%emt 0:00:09]} Rhd2 {[%emt 0:00:31]} 39. Be4 {[%emt 0:01:20]} Re2 {[%emt 0:00:01]} 40. Bd5 {[%emt 0:00:30]} Re3 {[%emt 0:00:31]} 41. Rg8 {[%emt 0:00:04]} Rxa3 {[%emt 0:00:01]} 42. Be4 {[%emt 0:00:34]} Re3 {[%emt 0:00:04]} 43. Bd5 {[%emt 0:00:38]} a3 {[%emt 0:00:00]} 44. g4 {[%emt 0:00:01]} Rg3+ {[%emt 0:00:01]} 45. Kh1 {[%emt 0:00:00]} Rxg4 {[%emt 0:00:01]} 46. Rf8+ {[%emt 0:00:07]} Kg7 {[%emt 0:00:02]} 47. Re8 {[%emt 0:00:29]} a2 {[%emt 0:00:11]} 48. f6+ {[%emt 0:00:46]} exf6 {[%emt 0:00:01]} 49. Rg8+ {[%emt 0:00:25]} Kh6 {[%emt 0:00:36]} 50. Rh8+ {[%emt 0:01:47]} Kg5 {[%emt 0:00:01]} 51. Rg8+ {[%emt 0:00:05]} Kh4 {[%emt 0:00:11]} 52. Rh8+ {[%emt 0:00:02]} Kg3 {[%emt 0:00:23]} 53. Bxa2 {[%emt 0:00:36]} Ng6 {[%emt 0:01:19]} 54. Rg1+ {[%emt 0:00:29]} Kf4 {[%emt 0:00:02]} 55. Rf1+ {[%emt 0:00:58]} Ke5 {[%emt 0:03:06]} 56. Rh5+ {[%emt 0:00:11]} Rg5 {[%emt 0:00:41]} 57. Re1+ {[%emt 0:00:15]} Kf4 {[%emt 0:00:37]} 58. Rf1+ {[%emt 0:00:55]} Kg4 {[%emt 0:00:04]} 59. Rh2 {[%emt 0:00:18]} Rxh2+ {[%emt 0:00:35]} 60. Kxh2 {[%emt 0:00:01]} f5 {[%emt 0:00:09]} 61. Bb3 {[%emt 0:00:16]} f4 {[%emt 0:00:19]} 62. Bc2 {[%emt 0:00:32]} Rh5+ {[%emt 0:01:30]} 63. Kg1 {[%emt 0:06:31]} Nh4 {[%emt 0:00:11]} 64. Bd1+ {[%emt 0:00:00]} f3 {[%emt 0:00:04]} 65. Re1 {[%emt 0:00:00]} Kg3 {[%emt 0:00:08]} 66. Re3 {[%emt 0:00:00]} Rd5 {[%emt 0:00:13]} 67. Bb3 {[%emt 0:00:00]} Rc5 {[%emt 0:00:07]} 68. Kf1 {[%emt 0:00:00]} Ng2 {[%emt 0:00:14]} 69. Rd3 {[%emt 0:00:00]} Rc1+ {[%emt 0:00:21]} 70. Bd1 {[%emt 0:00:00]} Rxd1+ {[%emt 0:03:13]} 71. Rxd1 {[%emt 0:01:20]} Ne3+ 72. Ke1 {[%emt 0:00:00]} Nxd1 {[%emt 0:00:54]} 73. e7 {[%emt 0:00:00]} f2+ {[%emt 0:00:22]} 74. Kd2 {[%emt 0:00:00]} f1=Q {[%emt 0:00:05]} 75. e8=Q {[%emt 0:00:00]} Nf2 {[%emt 0:00:41]} 76. Qe3+ {[%emt 0:00:00]} Kg2 {[%emt 0:01:26]} 77. Qg5+ {[%emt 0:00:00]} Kh2 {[%emt 0:00:03]} 78. Qf4+ {[%emt 0:00:00]} Kh1 {[%emt 0:00:15]} 79. Qf3+ {[%emt 0:00:00]} Qg2 {[%emt 0:00:13]} 80. Qh5+ {[%emt 0:01:01]} Kg1 {[%emt 0:04:12]} 81. Qxb5 {[%emt 0:00:06]} Ne4+ {[%emt 0:00:26]} 82. Ke3 {[%emt 0:00:27]} Nd2 {[%emt 0:00:18]} 83. Qe2 {[%emt 0:00:13]} Nf1+ {[%emt 0:00:05]} 84. Kd3 {[%emt 0:00:04]} Qd5+ {[%emt 0:00:01]} 85. Kc3 {[%emt 0:00:07]} Qc5+ {[%emt 0:00:11]} 86. Qc4 {[%emt 0:00:04]} Qa3+ {[%emt 0:00:11]} 87. Qb3 {[%emt 0:00:21]} Qa5+ {[%emt 0:00:13]} 88. Qb4 {[%emt 0:00:02]} Qa1+ {[%emt 0:00:02]} 89. Kb3 {[%emt 0:00:13]} Qd1+ {[%emt 0:00:08]} 90. Ka3 {[%emt 0:00:12]} Ne3 {[%emt 0:00:02]} 91. Ka2 {[%emt 0:00:17]} Kf2 {[%emt 0:00:28]} 92. Qb2+ {[%emt 0:00:06]} Kf3 {[%emt 0:00:13]} 93. Qb7+ {[%emt 0:00:02]} Ke2 {[%emt 0:00:02]} 94. Qb5+ {[%emt 0:00:09]} Kf2 {[%emt 0:00:15]} 95. Qb2+ {[%emt 0:00:10]} Kf3 {[%emt 0:00:06]} 96. Qb7+ {[%emt 0:00:01]} Kf4 {[%emt 0:00:01]} 97. Qb4+ {[%emt 0:00:02]} Ke5 {[%emt 0:00:07]} 98. Qb2+ {[%emt 0:00:03]} Kf4 {[%emt 0:00:34]} 99. Qb8+ {[%emt 0:00:01]} Kg4 {[%emt 0:00:04]} 100. Qb4+ {[%emt 0:00:05]} Kg5 {[%emt 0:00:07]} 101. Qe7+ {[%emt 0:00:06]} Kf4 {[%emt 0:00:03]} 102. Qc7+ {[%emt 0:00:02]} Ke4 {[%emt 0:00:06]} 103. Qb7+ {[%emt 0:00:04]} Nd5 {[%emt 0:00:03]} 104. Qb1+ {[%emt 0:00:01]} Ke5 {[%emt 0:00:35]} 1/2-1/2

[Event "SWVG Arnold Classic Prestige All 2019"]
[Site "Sandton"]
[Date "2019.05.18"]
[Round "5.4"]
[White "Zwakala, Ntando"]
[Black "Simpson, Michael M"]
[Result "1-0"]
[WhiteElo "2088"]
[BlackElo "1995"]
[Annotator "NA"]
[PlyCount "51"]
[EventDate "2019.05.18"]
[EventType "swiss"]
[EventCountry "RSA"]
[SourceTitle "playchess.com"]
[Source "ChessBase"]
[SourceQuality "1"]
[TimeControl "1500+10"]

1. Nf3 {[%emt 0:00:00]} Nc6 {[%emt 0:00:00]} 2. d4 {[%emt 0:00:00]} d5 {[%emt 0:00:00]} 3. c4 {[%emt 0:00:03]} e5 {[%emt 0:00:00]} 4. dxe5 {[%emt 0:00:27]} d4 {[%emt 0:00:00]} 5. g3 {[%emt 0:00:09]} Nge7 {[%emt 0:00:15]} 6. Bg2 {[%emt 0:00:16]} Ng6 {[%emt 0:00:04]} 7. O-O {[%emt 0:00:09]} Bc5 {[%emt 0:01:01]} 8. Nbd2 {[%emt 0:00:24]} a5 {[%emt 0:00:28]} 9. Nb3 {[%emt 0:00:18]} Ba7 {[%emt 0:00:06]} 10. c5 {[%emt 0:01:42]} a4 {[%emt 0:02:42]} 11. Nbxd4 {[%emt 0:00:06]} Nxd4 {[%emt 0:01:57]} 12. Qxd4 {[%emt 0:01:21]} Qxd4 {[%emt 0:00:06]} 13. Nxd4 {[%emt 0:00:02]} Bxc5 {[%emt 0:00:33]} 14. Nb5 {[%emt 0:00:04]} Bb6 {[%emt 0:00:40]} 15. Be3 {[%emt 0:00:07]} Ra5 {[%emt 0:03:01]} 16. Bxb6 {[%emt 0:00:33]} Rxb5 {[%emt 0:00:03]} 17. Bxc7 {[%emt 0:00:15]} Rxb2 {[%emt 0:00:35]} 18. Bd6 {[%emt 0:01:27]} Rxe2 {[%emt 0:01:15]} 19. Rfc1 {[%emt 0:00:27]} Bd7 {[%emt 0:01:37]} 20. Bxb7 {[%emt 0:00:18]} Rb2 {[%emt 0:02:12]} 21. Bg2 {[%emt 0:00:54]} f6 {[%emt 0:07:34]} 22. Rab1 {[%emt 0:00:24]} Rxb1 {[%emt 0:00:31]} 23. Rxb1 {[%emt 0:00:03]} fxe5 {[%emt 0:01:02]} 24. Rb7 {[%emt 0:01:10]} Nf8 {[%emt 0:02:51]} 25. Rb8+ {[%emt 0:00:34]} Kf7 {[%emt 0:00:23]} 26. Bd5+ {[%emt 0:18:07]} 1-0

[Event "SWVG Arnold Classic Prestige All 2019"]
[Site "Sandton"]
[Date "2019.05.18"]
[Round "5.5"]
[White "Sithole, Collins"]
[Black "Oatlhotse, Providence"]
[Result "0-1"]
[WhiteElo "1861"]
[BlackElo "2289"]
[Annotator "NA"]
[PlyCount "148"]
[EventDate "2019.05.18"]
[EventType "swiss"]
[EventCountry "RSA"]
[SourceTitle "playchess.com"]
[Source "ChessBase"]
[SourceQuality "1"]
[TimeControl "1500+10"]

1. Nf3 {[%emt 0:00:00]} Nf6 {[%emt 0:00:00]} 2. g3 {[%emt 0:00:00]} b6 {[%emt 0:00:00]} 3. Bg2 {[%emt 0:00:00]} Ba6 {[%emt 0:00:08]} 4. d3 {[%emt 0:00:14]} d5 {[%emt 0:00:04]} 5. Nbd2 {[%emt 0:00:08]} Nbd7 {[%emt 0:00:08]} 6. c4 {[%emt 0:00:03]} c6 {[%emt 0:00:10]} 7. O-O {[%emt 0:00:31]} e6 {[%emt 0:00:06]} 8. b3 {[%emt 0:01:25]} Be7 {[%emt 0:00:10]} 9. Bb2 {[%emt 0:00:03]} O-O {[%emt 0:00:22]} 10. a3 {[%emt 0:00:09]} b5 {[%emt 0:00:37]} 11. Nd4 {[%emt 0:01:11]} Rc8 {[%emt 0:00:41]} 12. cxb5 {[%emt 0:00:17]} cxb5 {[%emt 0:00:09]} 13. Rc1 {[%emt 0:00:10]} Nc5 {[%emt 0:01:50]} 14. N2f3 {[%emt 0:01:16]} Qb6 {[%emt 0:02:00]} 15. Qd2 {[%emt 0:00:26]} Bb7 {[%emt 0:00:52]} 16. b4 {[%emt 0:00:18]} Na4 {[%emt 0:00:35]} 17. Ba1 {[%emt 0:00:35]} Rxc1 {[%emt 0:02:04]} 18. Rxc1 {[%emt 0:00:03]} Rc8 {[%emt 0:00:03]} 19. Ne5 {[%emt 0:00:43]} Rxc1+ {[%emt 0:00:48]} 20. Qxc1 {[%emt 0:00:03]} Bd6 {[%emt 0:00:30]} 21. Nb3 {[%emt 0:03:58]} a6 {[%emt 0:01:41]} 22. Bd4 {[%emt 0:00:17]} Qd8 {[%emt 0:01:20]} 23. Na5 {[%emt 0:00:35]} Ba8 {[%emt 0:00:10]} 24. h3 {[%emt 0:01:09]} Qb8 {[%emt 0:01:18]} 25. Bf3 {[%emt 0:00:26]} h6 {[%emt 0:00:42]} 26. Qe3 {[%emt 0:03:40]} Qc7 {[%emt 0:00:26]} 27. Kg2 {[%emt 0:01:23]} Nd7 {[%emt 0:01:07]} 28. Nxd7 {[%emt 0:02:07]} Qxd7 {[%emt 0:00:01]} 29. Nb3 {[%emt 0:00:11]} Qc7 {[%emt 0:00:23]} 30. Bc5 {[%emt 0:00:21]} Bc6 {[%emt 0:01:24]} 31. Bxd6 {[%emt 0:00:11]} Qxd6 {[%emt 0:00:01]} 32. Nc5 {[%emt 0:00:02]} d4 {[%emt 0:00:56]} 33. Qf4 {[%emt 0:00:28]} Bxf3+ {[%emt 0:03:43]} 34. Kxf3 {[%emt 0:00:53]} Qd5+ {[%emt 0:00:19]} 35. Qe4 {[%emt 0:00:26]} Nxc5 {[%emt 0:01:21]} 36. bxc5 {[%emt 0:00:31]} Qxc5 {[%emt 0:00:08]} 37. Qa8+ {[%emt 0:00:03]} Kh7 {[%emt 0:00:25]} 38. Qxa6 {[%emt 0:00:31]} Qd5+ {[%emt 0:00:32]} 39. e4 {[%emt 0:00:07]} Qb3 {[%emt 0:00:34]} 40. Kf4 {[%emt 0:01:36]} Qxd3 {[%emt 0:00:07]} 41. h4 {[%emt 0:00:55]} Qd2+ {[%emt 0:00:26]} 42. Kf3 {[%emt 0:00:04]} Qd3+ {[%emt 0:00:12]} 43. Kf4 {[%emt 0:00:08]} Qd2+ {[%emt 0:00:01]} 44. Kf3 {[%emt 0:00:02]} Qd1+ {[%emt 0:00:07]} 45. Kg2 {[%emt 0:00:51]} Qe2 {[%emt 0:00:05]} 46. Qb7 {[%emt 0:00:06]} d3 {[%emt 0:00:17]} 47. Qxf7 {[%emt 0:00:53]} Qxe4+ {[%emt 0:00:09]} 48. Qf3 {[%emt 0:00:01]} Qd4 {[%emt 0:00:33]} 49. h5 {[%emt 0:00:16]} d2 {[%emt 0:00:24]} 50. Qd1 {[%emt 0:00:02]} e5 {[%emt 0:00:35]} 51. f3 {[%emt 0:00:49]} e4 {[%emt 0:00:31]} 52. fxe4 {[%emt 0:00:01]} Qxe4+ {[%emt 0:02:25]} 53. Kf2 {[%emt 0:00:01]} Qd3 {[%emt 0:00:00]} 54. g4 {[%emt 0:00:26]} Kh8 {[%emt 0:00:00]} 55. Kg2 {[%emt 0:00:52]} Kg8 {[%emt 0:00:00]} 56. Kf2 {[%emt 0:00:04]} Kf7 {[%emt 0:00:00]} 57. Kg2 {[%emt 0:01:24]} Ke6 {[%emt 0:00:00]} 58. Kf2 {[%emt 0:00:01]} Kd5 {[%emt 0:00:00]} 59. Qh1+ {[%emt 0:00:40]} Qe4 {[%emt 0:00:02]} 60. Qd1 {[%emt 0:00:01]} Qd4+ {[%emt 0:00:12]} 61. Kf3 {[%emt 0:00:14]} Kc4 {[%emt 0:00:26]} 62. Kg3 {[%emt 0:00:23]} Qe3+ {[%emt 0:00:00]} 63. Kg2 {[%emt 0:00:21]} Qd3 {[%emt 0:00:00]} 64. Kf2 {[%emt 0:00:02]} Kc3 {[%emt 0:00:00]} 65. Qa1+ {[%emt 0:00:02]} Kb3 {[%emt 0:00:00]} 66. Qd1+ {[%emt 0:00:02]} Kxa3 {[%emt 0:00:12]} 67. Qa1+ {[%emt 0:00:00]} Kb3 {[%emt 0:00:14]} 68. Qd1+ {[%emt 0:00:01]} Kb2 {[%emt 0:00:18]} 69. Kg2 {[%emt 0:00:06]} b4 {[%emt 0:00:19]} 70. Kf2 {[%emt 0:00:04]} b3 {[%emt 0:00:04]} 71. g5 {[%emt 0:00:04]} hxg5 {[%emt 0:00:07]} 72. Kg2 {[%emt 0:00:04]} Ka2 {[%emt 0:00:10]} 73. h6 {[%emt 0:00:06]} gxh6 {[%emt 0:00:13]} 74. Kf2 {[%emt 0:00:02]} Qc2 {[%emt 0:00:12]} 0-1

[Event "SWVG Arnold Classic Prestige All 2019"]
[Site "Sandton"]
[Date "2019.05.18"]
[Round "5.6"]
[White "Mnguni, Jacob Dumisani"]
[Black "Simutowe, Musatwe"]
[Result "1-0"]
[WhiteElo "2141"]
[BlackElo "2170"]
[Annotator "NA"]
[PlyCount "148"]
[EventDate "2019.05.18"]
[EventType "swiss"]
[EventCountry "RSA"]
[SourceTitle "playchess.com"]
[Source "ChessBase"]
[SourceQuality "1"]
[TimeControl "1500+10"]

1. c4 {[%emt 0:00:00]} Nf6 {[%emt 0:00:00]} 2. g3 {[%emt 0:00:00]} c6 {[%emt 0:00:00]} 3. Bg2 {[%emt 0:00:00]} d5 {[%emt 0:00:00]} 4. Qc2 {[%emt 0:00:02]} g6 {[%emt 0:00:11]} 5. Nf3 {[%emt 0:00:03]} Bg7 {[%emt 0:00:01]} 6. O-O {[%emt 0:00:02]} O-O {[%emt 0:00:01]} 7. d3 {[%emt 0:00:03]} Nbd7 {[%emt 0:00:25]} 8. Nc3 {[%emt 0:03:22]} dxc4 {[%emt 0:01:37]} 9. dxc4 {[%emt 0:00:05]} Qa5 {[%emt 0:00:01]} 10. e4 {[%emt 0:01:56]} Ng4 {[%emt 0:01:53]} 11. Bg5 {[%emt 0:02:59]} Re8 {[%emt 0:00:19]} 12. h4 {[%emt 0:01:39]} Qb4 {[%emt 0:00:31]} 13. Nd2 {[%emt 0:00:36]} h6 {[%emt 0:00:03]} 14. a3 {[%emt 0:00:34]} Qb6 {[%emt 0:03:03]} 15. Na4 {[%emt 0:00:21]} Qd4 {[%emt 0:00:24]} 16. Nf3 {[%emt 0:00:26]} Qd6 {[%emt 0:00:22]} 17. Rad1 {[%emt 0:00:03]} Qc7 {[%emt 0:00:04]} 18. Bc1 {[%emt 0:00:22]} Ndf6 {[%emt 0:00:30]} 19. Rfe1 {[%emt 0:00:22]} e5 {[%emt 0:00:06]} 20. c5 {[%emt 0:00:21]} Be6 {[%emt 0:00:09]} 21. b4 {[%emt 0:00:12]} Rad8 {[%emt 0:00:22]} 22. Bb2 {[%emt 0:00:03]} Nd7 {[%emt 0:00:16]} 23. Nd2 {[%emt 0:00:20]} b5 {[%emt 0:00:09]} 24. Nc3 {[%emt 0:00:36]} a5 {[%emt 0:00:02]} 25. Nb3 {[%emt 0:00:32]} axb4 {[%emt 0:00:31]} 26. axb4 {[%emt 0:00:02]} Nb8 {[%emt 0:00:03]} 27. Ra1 {[%emt 0:00:46]} Rd7 {[%emt 0:01:43]} 28. Red1 {[%emt 0:00:29]} Red8 {[%emt 0:00:13]} 29. Bf1 {[%emt 0:00:30]} Bf8 {[%emt 0:01:59]} 30. Rxd7 {[%emt 0:00:40]} Rxd7 {[%emt 0:00:14]} 31. Nd1 {[%emt 0:00:50]} Nf6 {[%emt 0:00:27]} 32. Na5 {[%emt 0:01:30]} Rd8 {[%emt 0:00:27]} 33. Ne3 {[%emt 0:00:12]} Ng4 {[%emt 0:00:16]} 34. Nxg4 {[%emt 0:00:16]} Bxg4 {[%emt 0:00:02]} 35. Qc3 {[%emt 0:00:06]} Rd4 {[%emt 0:00:47]} 36. Qe1 {[%emt 0:00:12]} Rd7 {[%emt 0:00:08]} 37. Be2 {[%emt 0:00:33]} Be6 {[%emt 0:00:20]} 38. Bc3 {[%emt 0:00:30]} f6 {[%emt 0:00:30]} 39. Qc1 {[%emt 0:00:41]} Kf7 {[%emt 0:00:42]} 40. f4 {[%emt 0:00:08]} Bg7 {[%emt 0:01:06]} 41. fxe5 {[%emt 0:00:22]} fxe5 {[%emt 0:00:02]} 42. Qe3 {[%emt 0:00:08]} Kg8 {[%emt 0:00:03]} 43. Rf1 {[%emt 0:01:21]} Kh7 {[%emt 0:00:15]} 44. Bf3 {[%emt 0:01:12]} Rd8 {[%emt 0:00:56]} 45. Rd1 {[%emt 0:00:35]} Bf8 {[%emt 0:01:26]} 46. Rxd8 {[%emt 0:00:07]} Qxd8 {[%emt 0:00:02]} 47. Bxe5 {[%emt 0:00:18]} Na6 {[%emt 0:00:05]} 48. Bc3 {[%emt 0:01:40]} Qe8 {[%emt 0:01:11]} 49. Qd4 {[%emt 0:00:15]} Kg8 {[%emt 0:00:00]} 50. Qh8+ {[%emt 0:00:24]} Kf7 {[%emt 0:00:01]} 51. Nb7 {[%emt 0:00:12]} Qd7 {[%emt 0:01:52]} 52. Qf6+ {[%emt 0:01:00]} Ke8 {[%emt 0:00:02]} 53. Qxg6+ {[%emt 0:00:31]} Bf7 {[%emt 0:00:02]} 54. Nd6+ {[%emt 0:00:01]} Bxd6 {[%emt 0:00:06]} 55. Qxd6 {[%emt 0:00:02]} Qxd6 {[%emt 0:00:20]} 56. cxd6 {[%emt 0:00:02]} Kd7 {[%emt 0:00:00]} 57. e5 {[%emt 0:00:04]} c5 {[%emt 0:00:02]} 58. Bg4+ {[%emt 0:00:06]} Be6 {[%emt 0:00:08]} 59. Bxe6+ {[%emt 0:00:53]} Kxe6 {[%emt 0:00:02]} 60. bxc5 {[%emt 0:00:09]} Nxc5 {[%emt 0:00:03]} 61. Kg2 {[%emt 0:00:10]} Nd3 {[%emt 0:00:12]} 62. Kf3 {[%emt 0:03:24]} b4 63. Ke3 {[%emt 0:00:00]} Nc5 {[%emt 0:01:25]} 64. Bxb4 {[%emt 0:00:20]} Nd7 65. Bc3 {[%emt 0:00:00]} Nb6 {[%emt 0:00:17]} 66. Kf3 {[%emt 0:00:00]} Nd5 {[%emt 0:00:02]} 67. Bd4 {[%emt 0:00:00]} h5 {[%emt 0:00:05]} 68. g4 {[%emt 0:00:00]} Nb4 {[%emt 0:00:16]} 69. gxh5 {[%emt 0:00:50]} Nc6 70. Bc3 {[%emt 0:00:00]} Nd8 {[%emt 0:00:04]} 71. h6 {[%emt 0:00:00]} Nf7 {[%emt 0:00:01]} 72. h7 {[%emt 0:00:00]} Nh8 {[%emt 0:00:06]} 73. d7 {[%emt 0:00:00]} Nf7 {[%emt 0:00:04]} 74. h8=Q {[%emt 0:00:00]} Kd5 {[%emt 0:08:13] Ke4+} 1-0

[Event "SWVG Arnold Classic Prestige All 2019"]
[Site "Sandton"]
[Date "2019.05.18"]
[Round "5.7"]
[White "Masiya, Mfundo"]
[Black "Mpya, Tshediso M"]
[Result "1/2-1/2"]
[WhiteElo "1977"]
[BlackElo "1936"]
[Annotator "NA"]
[PlyCount "49"]
[EventDate "2019.05.18"]
[EventType "swiss"]
[EventCountry "RSA"]
[SourceTitle "playchess.com"]
[Source "ChessBase"]
[SourceQuality "1"]
[TimeControl "1500+10"]

1. b3 {[%emt 0:00:00]} d5 {[%emt 0:00:18]} 2. Bb2 {[%emt 0:00:00]} Nc6 {[%emt 0:00:14]} 3. e3 {[%emt 0:00:12]} Nf6 {[%emt 0:00:21]} 4. f4 {[%emt 0:00:06]} d4 {[%emt 0:00:41]} 5. exd4 {[%emt 0:00:46]} Nxd4 {[%emt 0:00:06]} 6. Nf3 {[%emt 0:00:15]} Bg4 {[%emt 0:02:17]} 7. Bxd4 {[%emt 0:00:37]} Bxf3 {[%emt 0:00:04]} 8. Qxf3 {[%emt 0:00:03]} Qxd4 {[%emt 0:00:03]} 9. Qxb7 {[%emt 0:01:35]} Rd8 {[%emt 0:00:25]} 10. Bb5+ {[%emt 0:00:23]} Nd7 {[%emt 0:00:03]} 11. Nc3 {[%emt 0:00:51]} e6 {[%emt 0:01:48]} 12. O-O-O {[%emt 0:00:59]} Ba3+ {[%emt 0:00:12]} 13. Kb1 {[%emt 0:00:02]} O-O {[%emt 0:00:08]} 14. Bxd7 {[%emt 0:01:29]} Rxd7 {[%emt 0:00:03]} 15. Qe4 {[%emt 0:01:50]} Qf6 {[%emt 0:00:30]} 16. Qa4 {[%emt 0:00:12]} Qe7 {[%emt 0:00:14]} 17. d4 {[%emt 0:05:24]} Rfd8 {[%emt 0:05:52]} 18. Nb5 {[%emt 0:00:16]} Bc5 {[%emt 0:00:09]} 19. c3 {[%emt 0:04:05]} c6 {[%emt 0:00:16]} 20. Nc7 {[%emt 0:00:42]} Bb6 {[%emt 0:02:32]} 21. Na6 {[%emt 0:00:29]} c5 {[%emt 0:00:03]} 22. Rd3 {[%emt 0:01:35]} cxd4 {[%emt 0:00:32]} 23. c4 {[%emt 0:06:59]} e5 {[%emt 0:11:59]} 24. fxe5 {[%emt 0:00:10]} Qxe5 {[%emt 0:00:10]} 25. Nb4 {[%emt 0:00:10]} 1/2-1/2